00701cam a22002657a 4500003000500000005001700005008004100022010001000063011001000073035001000083040000900093082001600102110000800118245007900126260002300205300002000228410000800248490003700256650003000293650002500323700001800348700002400366810000800390830003700398CHAP20220817043101.0971010s1983 r 00010 d a65075 a66047 a73888 cCHAP a664.729bF3 aFAO13aLa elaboración y almacenamiento de los cereales por las familias rurales aRoma :bFAO,c1983 a136 p.b: ilus. aFAO 0aFAO. Servicios agrícolasv; 5314aCerealesxAlmacenamiento.14aCerealesxProcesado.0 aForster, R.H.0 aO'Kelly, Elizabeth.0 aFAO00aFAO. Servicios agrícolasv; 53